000
00265 a2200121 4500
001
119443
020
_a
9788532283139
040
_c
Escola Canadense de Niteroi
100
_a
Alencar, José
245
1
0
_a
Diva
650
4
_a
Literatura Infanto Juvenil
942
_c
BK
999
_c
119443
_d
119443